Home Print Resources E-Books E-Journals IIMT Lecture Series Library Membership Form Book Recommendation Form Campus Tour Take AdmissionAbout Us Contact Us

REINFORCED CONCRETE DESIGN (Record no. 65273)

000 -LEADER
fixed length control field 00476nam a22001817a 4500
003 - CONTROL NUMBER IDENTIFIER
control field OSt
005 - DATE AND TIME OF LATEST TRANSACTION
control field 20250303162413.0
008 - FIXED-LENGTH DATA ELEMENTS--GENERAL INFORMATION
fixed length control field 250303b |||||||| |||| 00| 0 eng d
020 ## - INTERNATIONAL STANDARD BOOK NUMBER
International Standard Book Number 9789354601026
040 ## - CATALOGING SOURCE
Transcribing agency IIMT UNIVERCITY
082 ## - DEWEY DECIMAL CLASSIFICATION NUMBER
Edition number 4TH
100 ## - MAIN ENTRY--PERSONAL NAME
Personal name PILLAI S. UNNIKRISHNA
245 ## - TITLE STATEMENT
Title REINFORCED CONCRETE DESIGN
260 ## - PUBLICATION, DISTRIBUTION, ETC.
Place of publication, distribution, etc. Mc Graw Hill
Name of publisher, distributor, etc. MC Graw Hill Edecation
Date of publication, distribution, etc. 2024
300 ## - PHYSICAL DESCRIPTION
Extent 1044
440 ## - SERIES STATEMENT/ADDED ENTRY--TITLE
Title REINFORCED CONCRETE DESIGN
942 ## - ADDED ENTRY ELEMENTS (KOHA)
Source of classification or shelving scheme
Koha item type Book Bank
Edition 4TH
Holdings
Withdrawn status Lost status Source of classification or shelving scheme Damaged status Not for loan Home library Current library Date acquired Source of acquisition Cost, normal purchase price Inventory number Barcode Date last seen Price effective from Koha item type
          IIMT University Central Library Meerut IIMT University Central Library Meerut 03/03/2025 SABERA 1095.00 24-25/CRB/935, 27/FEB/2025 01-B-143770 03/03/2025 03/03/2025 Book Bank
          IIMT University Central Library Meerut IIMT University Central Library Meerut 03/03/2025 SABERA 1095.00 24-25/CRB/935, 27/FEB/2025 01-B-143771 03/03/2025 03/03/2025 Book Bank
          IIMT University Central Library Meerut IIMT University Central Library Meerut 03/03/2025 SABERA 1095.00 24-25/CRB/935, 27/FEB/2025 01-B-143772 03/03/2025 03/03/2025 Book Bank
          IIMT University Central Library Meerut IIMT University Central Library Meerut 03/03/2025 SABERA 1095.00 24-25/CRB/935, 27/FEB/2025 01-B-143773 03/03/2025 03/03/2025 Book Bank
          IIMT University Central Library Meerut IIMT University Central Library Meerut 03/03/2025 SABERA 1095.00 24-25/CRB/935, 27/FEB/2025 01-B-143774 03/03/2025 03/03/2025 Book Bank
IIMT, Central Library. All Rights Reserved IIMT,UNIVERSITY © 2023
Implemented and Customised by I CLOUDE EMS
You Are OPAC Visitor No
free web counter

Powered by Koha